000 00618cam a2200241 4500
001 J751
008 090401t1992 xxu||||| |||| 00| 0 eng d
035 _a(Sirsi) u76541
041 _aeng
050 _a333.335
110 _aSavills
_92020
245 _aAgricultural performance analysis 1991
260 _aLondon
_bSavills
_c1992
300 _a1 folded sheet (6p.) ; 30cm.
350 _a0
650 _aFARM LAND
650 _aINVESTMENT
650 _aRENT
650 _aSAVILLS-IPD AGRICULTURAL PERFORMANCE ANALYSIS
710 _aInvestment Property Databank
_92288
942 _n0
948 _c04/03/1997
999 _c96202
_d96202